000
00312nam a22001457a 4500
003
SGT
082
_a
612.015
_b
D14S
100
_a
SHARMA, P.V
245
_a
DRAVYAGUNA- VIJNANA
260
_a
VARANASI
_b
CHAUKHAMBHA PUB
_c
2014
300
_a
392
650
_a
DRAVYAGUNA
653
_a
DRAVYAGUNA
942
_2
ddc
_c
BK
_0
2
999
_c
8314
_d
8314